| 000 | 01324cam a2200337 a 4500 | ||
|---|---|---|---|
| 001 | 13693596 | ||
| 003 | OSt | ||
| 005 | 20150408113720.0 | ||
| 008 | 040820s2004 nyua 001 0 eng d | ||
| 010 | _a 2004351484 | ||
| 020 | _a0072253703 | ||
| 035 | _a(OCoLC)ocm55494329 | ||
| 040 |
_aIG# _cIG# _dGZM _dDLC |
||
| 042 | _alccopycat | ||
| 050 | 0 | 0 |
_aQA76.73.C153 _bK457 2004 |
| 082 | 0 | 0 |
_a005.133 _222 |
| 100 | 1 |
_aKent, Jeffrey A. _q(Jeffrey Alan), _d1952- _94756 |
|
| 245 | 1 | 0 |
_aC++ demystified / _cJeff Kent. |
| 246 | 3 | _aC plus plus demystified | |
| 260 |
_aNew York : _bMcGraw-Hill/Osborne, _cc2004. |
||
| 300 |
_axviii, 348 p. : _bill. ; _c24 cm. |
||
| 440 | 0 |
_aMcGraw-Hill "Demystified" series _95750 |
|
| 500 | _a"A self-teaching guide"--Cover. | ||
| 500 | _aIncludes index. | ||
| 650 | 0 |
_aC++ (Computer program language) _93961 |
|
| 856 | 4 | 2 |
_3Publisher description _uhttp://www.loc.gov/catdir/enhancements/fy0621/2004351484-d.html |
| 856 | 4 | 1 |
_3Table of contents only _uhttp://www.loc.gov/catdir/enhancements/fy0621/2004351484-t.html |
| 856 | 4 | 2 |
_3Contributor biographical information _uhttp://www.loc.gov/catdir/enhancements/fy1011/2004351484-b.html |
| 942 |
_2ddc _cBOOK |
||
| 999 |
_c527 _d235027 |
||